| 000 | 00383cam a22001217a 4500 | ||
|---|---|---|---|
| 008 | 180718b1985 xxu||||| |||| 00| 0 eng d | ||
| 082 | _aZ46x54 R137 | ||
| 245 |
_aEssays on the commercialization of Indian agriculture _cedited by K.N. Raj et. al. |
||
| 260 |
_aDelhi _bOxford Uninersity Press _c1985 |
||
| 300 | _a354p. | ||
| 650 | _aAgricultural marketing - India | ||
| 700 | _aRaj, K.N. | ||
| 999 |
_c352084 _d352084 |
||